[Event "WJun"]
[Site "Yerevan ARM"]
[Date "2007.10.16"]
[Round "13"]
[White "Khamrakulov,D"]
[Black "Bulski,K"]
[Result "1-0"]
[WhiteElo "2357"]
[BlackElo "2421"]

1.e4 c5 2.c3 Nf6 3.e5 Nd5 4.d4 cxd4 5.Nf3 Nc6 6.cxd4 d6 7.Bc4 Nb6 8.Bb3 d5
9.Nh4 g6 10.O-O Bg7 11.f4 f6 12.f5 fxe5 13.fxg6 Be6 14.Qh5 hxg6 15.Qxg6+ Kd7
16.Qxg7 Rxh4 17.dxe5 Nc4 18.Qg3 Qb6+ 19.Qf2 Nd4 20.Bxc4 Rf8 21.Bb5+ Kc7 22.Qe3 Rxf1+
23.Bxf1 Re4 24.Qf2 Re1 25.Be3 Rxe3 26.Qxe3 Nc2 27.Qxb6+ Kxb6 28.Bd3 Nxa1
29.h4  1-0

[Event "3rd Arctic Cup"]
[Site "Salekhard RUS"]
[Date "2007.10.18"]
[Round "11"]
[White "Motycakova,M"]
[Black "Rassokhina,E"]
[Result "1/2-1/2"]
[WhiteElo "1883"]
[BlackElo "1984"]

1.e4 c5 2.c3 Nf6 3.e5 Nd5 4.d4 cxd4 5.Nf3 e6 6.cxd4 b6 7.Nc3 Nxc3 8.bxc3 Qc7
9.Qc2 Bb7 10.Be2 d6 11.O-O Nd7 12.Bf4 Rc8 13.exd6 Bxd6 14.Bxd6 Qxd6 15.Rac1 O-O
16.Rfd1 Rc7 17.Qd3 Rfc8 18.c4 Bxf3 19.Qxf3 e5 20.dxe5 Qxe5 21.Rd5 Qe7 22.Rcd1 Re8
23.Kf1 Nf6 24.R5d4 Rc5 25.Qd3 Kf8 26.Bf3 Re5 27.Qc3 Qc5 28.g3  1/2-1/2

[Event "TCh-ROU Superliga"]
[Site "Predeal ROU"]
[Date "2007.10.19"]
[Round "7"]
[White "Grigore,N"]
[Black "Burlacu,B"]
[Result "1-0"]
[WhiteElo "2374"]
[BlackElo "2245"]

1.e4 c5 2.c3 Nf6 3.e5 Nd5 4.d4 cxd4 5.Nf3 e6 6.cxd4 Nc6 7.Bc4 d6 8.Qe2 Be7
9.O-O O-O 10.Nc3 Nxc3 11.bxc3 dxe5 12.dxe5 Qa5 13.Qe4 Rd8 14.Bg5 Bd7 15.Bd3 Bxg5
16.Qxh7+ Kf8 17.Nxg5 Qxe5 18.Qh4 g6 19.Rae1 Qg7 20.Nh7+ Kg8 21.Nf6+ Kf8 22.Bb5 g5
23.Nh7+ Ke7 24.Nxg5 Rh8 25.Qg3 Rag8 26.Ne4 Qe5 27.Qxe5 Nxe5 28.Be2 Bc6 29.Ng3 Bd5
30.f4 Nc4 31.Bf3 Nd2 32.Bxd5 Nxf1 33.Nxf1 Rc8 34.f5 e5 35.c4 f6 36.Ne3 b6
37.Be6 Rcf8 38.Rd1 Rd8 39.Nd5+ Kf8 40.Re1 Rh4 41.Nxf6 Rd2 42.Nd7+ Ke7 43.Nxe5 Kf6
44.Nf3  1-0

[Event "TCh-BEL 2007-8"]
[Site "Belgium BEL"]
[Date "2007.10.21"]
[Round "2"]
[White "Goossens,E"]
[Black "De Haan,E"]
[Result "1/2-1/2"]
[WhiteElo "2296"]
[BlackElo "2339"]

1.e4 c5 2.c3 Nf6 3.e5 Nd5 4.Bc4 Nb6 5.Bb3 e6 6.Nf3 d6 7.exd6 Bxd6 8.O-O O-O
9.Re1 Nc6 10.d4 cxd4 11.Nxd4 Nxd4 12.Qxd4 e5 13.Qd1 Bf5 14.Nd2 Qc7 15.Ne4 Be7
16.Qe2 Bg6 17.Bg5 Kh8  1/2-1/2

[Event "Open A"]
[Site "Arco di Trento ITA"]
[Date "2007.10.23"]
[Round "4"]
[White "Friedrich,N"]
[Black "Aagaard,J"]
[Result "0-1"]
[WhiteElo "2313"]
[BlackElo "2535"]

1.e4 c5 2.c3 Nf6 3.e5 Nd5 4.Nf3 Nc6 5.d4 cxd4 6.cxd4 d6 7.Bc4 e6 8.O-O Be7
9.Qe2 O-O 10.Re1 a6 11.Qe4 Bd7 12.Qg4 f5 13.exf6 Bxf6 14.Nc3 Ncb4 15.Qe4 Nc7
16.d5 exd5 17.Nxd5 Nbxd5 18.Bxd5+ Kh8 19.Bxb7 Rb8 20.Bc6 Re8 21.Qc2 Rxe1+
22.Nxe1 Qe8 23.Be4 Ne6 24.Nf3 d5 25.Bxd5 Nd4 26.Qd1 Ba4 27.Qd3 Rd8 28.Qe4 Ne2+
29.Kf1 Bb5 30.Ke1 Nxc1 31.Rxc1 Rxd5 32.Qxe8+ Bxe8 33.Rc8 Rd8 34.Rxd8 Bxd8
35.b3 Kg8 36.g3 Ba5+ 37.Ke2 Bb5+ 38.Kd1 Bb6 39.Ke1 Kf7 40.a4 Be8  0-1

[Event "IV Veterans"]
[Site "Calvia ESP"]
[Date "2007.10.23"]
[Round "9"]
[White "Eppinger,G"]
[Black "Lazaro Porta,A"]
[Result "1-0"]
[WhiteElo "2251"]
[BlackElo "2038"]

1.e4 c5 2.c3 Nf6 3.e5 Nd5 4.d4 cxd4 5.Nf3 e6 6.cxd4 Nc6 7.Nc3 Nxc3 8.bxc3 d6
9.Bf4 Qc7 10.Bd3 h6 11.O-O Bd7 12.Re1 d5 13.c4 Nb4 14.cxd5 Nxd5 15.Rc1 Bc6
16.Bg3 Qd7 17.Qb3 Be7 18.Bb1 g5 19.a3 h5 20.h4 Qd8 21.Nd2 gxh4 22.Bh2 Rg8
23.Be4 Rg4 24.Nc4 Kd7 25.f3 Rg7 26.Ne3 Bg5 27.Nxd5 exd5 28.Bf5+ Ke8 29.f4 Be7
30.e6 Bf6 31.Rcd1 Qb6 32.Qf3 Bxd4+ 33.Kh1 f6 34.e7 Rxe7 35.Qxh5+ Kd8 36.Qh8+ Be8
37.Qg8 Rxe1+ 38.Rxe1 Qc6 39.Bg6 Kc7 40.Bxe8 Rxe8 41.Qxe8  1-0

[Event "2nd MAIG Team Standard"]
[Site "Macau CHN"]
[Date "2007.10.28"]
[Round "2"]
[White "Lim Yee Weng"]
[Black "Ismagambetov,An"]
[Result "1-0"]
[WhiteElo "2336"]
[BlackElo "2479"]

1.e4 c5 2.c3 Nf6 3.e5 Nd5 4.Nf3 e6 5.d4 cxd4 6.cxd4 b6 7.Nc3 Nxc3 8.bxc3 Qc7
9.Bd2 Be7 10.Bd3 Ba6 11.Bxa6 Nxa6 12.Qe2 Qb7 13.O-O O-O 14.Bg5 Ba3 15.Rad1 Rfc8
16.Nd2 d5 17.exd6 Bxd6 18.Ne4 Ba3 19.Rd3 Be7 20.Rg3 Nb8 21.Bf6 g6 22.Qh5 Qd5
23.Ng5  1-0

[Event "22nd GP Open A"]
[Site "Le Touquet FRA"]
[Date "2007.10.30"]
[Round "5"]
[White "Degraeve,JM"]
[Black "Bernard,Ch"]
[Result "1/2-1/2"]
[WhiteElo "2546"]
[BlackElo "2367"]

1.e4 c5 2.c3 Nf6 3.e5 Nd5 4.Nf3 e6 5.g3 Nc6 6.Bg2 Be7 7.O-O O-O 8.Re1 b6
9.d4 cxd4 10.c4 Nc7 11.Nxd4 Bb7 12.Nxc6 Bxc6 13.Bxc6 dxc6 14.Qf3 Na6 15.Qxc6 Nb4
16.Qe4 Nd3 17.Rf1 Bc5 18.Be3 Nxb2 19.Bxc5 bxc5 20.Nc3 Qd4 21.Qc2 Rab8 22.Rab1 Nxc4
23.Nb5 Rxb5 24.Rxb5 Na3 25.Qxc5  1/2-1/2

[Event "7th Rohde Open"]
[Site "Sautron FRA"]
[Date "2007.10.30"]
[Round "5"]
[White "Bedouin,X"]
[Black "Babaev,Ra"]
[Result "1/2-1/2"]
[WhiteElo "2342"]
[BlackElo "2444"]

1.e4 c5 2.c3 Nf6 3.e5 Nd5 4.d4 cxd4 5.cxd4 d6 6.Nf3 Nc6 7.Bc4 Nb6 8.Bb5 Bd7
9.Nc3 e6 10.O-O dxe5 11.dxe5 Nb4 12.Bg5 Be7 13.Bxe7 Qxe7 14.Ne4 O-O 15.Bxd7 Nxd7
16.Qb3 Rab8 17.Rfd1 Nd5 18.Rac1 Rfd8 19.a3 a6 20.g3 h6 21.Kg2 N7b6 22.Rc5 Nc8
23.Nd4 Na7 24.Nd6  1/2-1/2

[Event "VIII Int Rapid"]
[Site "El Sauzal ESP"]
[Date "2007.11.03"]
[Round "4"]
[White "Strikovic,A"]
[Black "Granero Roca,A"]
[Result "1/2-1/2"]
[WhiteElo "2551"]
[BlackElo "2354"]

1.e4 c5 2.c3 Nf6 3.e5 Nd5 4.d4 cxd4 5.Nf3 Nc6 6.Bc4 Nb6 7.Bb3 d5 8.exd6 Qxd6
9.Na3 Be6 10.Nb5 Qd7 11.Bxe6 Qxe6+ 12.Be3 Qd7 13.Nbxd4 e6 14.O-O Nd5 15.Nxc6 Qxc6
16.Bd4 f6 17.Re1 O-O-O 18.Qe2 e5 19.Bxa7 b6 20.Qa6+ Qb7 21.Qa4 Bc5 22.Rad1 h5
23.Qe4 Nf4 24.Qc4  1/2-1/2

[Event "KNSB TCh-NED 2007-8"]
[Site "Netherlands NED"]
[Date "2007.11.03"]
[Round "3"]
[White "Lemmers,O"]
[Black "Van Opheusden,B"]
[Result "1-0"]
[WhiteElo "2390"]
[BlackElo "2149"]

1.e4 c5 2.c3 Nf6 3.e5 Nd5 4.Nf3 e6 5.Bc4 Nb6 6.Bb3 d6 7.d4 dxe5 8.Nxe5 cxd4
9.cxd4 N8d7 10.Nf3 Nf6 11.O-O Bd7 12.Ne5 Be7 13.Nc3 Rc8 14.Qf3 Bc6 15.Qg3 O-O
16.Bh6 Ne8 17.Rad1 Bd5 18.Nxd5 Nxd5 19.Bc1 Nd6 20.Rfe1 Nf5 21.Qd3 Bf6 22.Qe4 g6
23.g3 Qd6 24.h4 Bg7 25.h5 Rc7 26.hxg6 hxg6 27.Nc4 Qd7 28.Ne5 Qd6 29.Nc4 Qd7
30.Ne3 Nfxe3 31.Bxe3 Rd8 32.Bg5 Bf6 33.Bf4 Rcc8 34.Be5 Bg7 35.Kg2 Nf6 36.Qh4 Qc6+
37.f3 Nd7 38.Bxg7 Kxg7 39.Rxe6  1-0

[Event "Cup Russia"]
[Site "Serpukhov RUS"]
[Date "2007.11.05"]
[Round "1.1"]
[White "Deviatkin,A"]
[Black "Grachev,B"]
[Result "1/2-1/2"]
[WhiteElo "2555"]
[BlackElo "2602"]

1.e4 c5 2.c3 Nf6 3.e5 Nd5 4.g3 d6 5.exd6 e6 6.Bg2 Bxd6 7.Nf3 Nc6 8.d4 cxd4
9.Nxd4 Nxd4 10.Qxd4 O-O 11.O-O Qc7 12.c4 Nb6 13.Nc3 Be5 14.Nb5 Qb8 15.Qc5 Nd7
16.Qb4 a6 17.Nc3 Qc7 18.Be3 Bd6 19.Qb3 Bc5 20.Bf4 Bd6 21.Bxd6 Qxd6 22.Rfd1 Qc7
23.Rac1 Rb8 24.Qa3 Ne5 25.b3 Bd7 26.f4 Nc6 27.Qd6 Qxd6 28.Rxd6 Rfd8 29.Rcd1 Be8
30.Ne4 Kf8 31.Rxd8 Nxd8 32.Nc5 Ke7 33.Kf2 a5 34.Bf3 b6 35.Ne4 Nb7 36.a3 Rc8
37.Be2 Nc5 38.Nd6 Rd8 39.Nxe8 Kxe8 40.Rxd8+ Kxd8 41.Bd1 Ke7 42.Ke3 Kd6 43.Kd4 f6
44.Bc2 h6 45.h4 Na6 46.h5 Nc5 47.b4 axb4 48.axb4 e5+ 49.fxe5+ fxe5+ 50.Kc3 Ne6
51.Be4 Nc7 52.Bg6 Ne6 53.Be4 Nc7 54.Bg6 Ne6  1/2-1/2

[Event "Elwood Open"]
[Site "Melbourne AUS"]
[Date "2007.11.06"]
[Round "6"]
[White "Dragicevic,Do"]
[Black "Kordahi,N"]
[Result "0-1"]
[WhiteElo "2254"]
[BlackElo "1888"]

1.e4 c5 2.c3 Nf6 3.e5 Nd5 4.d4 cxd4 5.Nf3 Nc6 6.cxd4 e6 7.Nc3 Nxc3 8.bxc3 d6
9.exd6 Bxd6 10.Bd3 Bd7 11.O-O Rc8 12.Ng5 Qa5 13.Bd2 Be7 14.Nf3 O-O 15.Re1 Rfd8
16.Ne5 Be8 17.Re3 Bf6 18.Nc4 Qc7 19.Rh3 g6 20.Qf3 Bg7 21.Bh6 b5 22.Nd2 b4
23.Ne4 f5 24.Bxg7 Qxg7 25.Ng5 Qe7 26.Qe3 h5 27.Bc4 Nxd4 28.Nxe6 Rxc4 29.Nxd8 Ne2+
30.Kf1 Re4 31.Qd2 bxc3 32.Qd5+ Kh7 33.Re3 Rxe3 34.fxe3 Qxe3 35.Qf3 Qg1+ 36.Kxe2 Bb5+  0-1

[Event "Open"]
[Site "Villa de Navalmoral ESP"]
[Date "2007.11.07"]
[Round "5"]
[White "Khamrakulov,I"]
[Black "Del Rio Angelis,S"]
[Result "1/2-1/2"]
[WhiteElo "2604"]
[BlackElo "2512"]

1.e4 c5 2.c3 Nf6 3.e5 Nd5 4.Nf3 Nc6 5.Bc4 e6 6.O-O d6 7.exd6 Qxd6 8.d4 cxd4
9.Nxd4 a6 10.Nf5 Qc5 11.Qe2 Nf6 12.Ng3 Be7 13.Be3 Qa5 14.Nd2 O-O 15.Bb3 Qc7
16.Nde4 Nd5 17.Bg5 f6 18.Bd2  1/2-1/2

[Event "TCh-BEL 2007-8"]
[Site "Belgium BEL"]
[Date "2007.11.18"]
[Round "4"]
[White "Vajda,L"]
[Black "Lemmers,O"]
[Result "1-0"]
[WhiteElo "2564"]
[BlackElo "2390"]

1.e4 c5 2.c3 Nf6 3.e5 Nd5 4.d4 cxd4 5.Nf3 Nc6 6.cxd4 d6 7.Bc4 Nb6 8.Bb5 dxe5
9.Nxe5 Bd7 10.Nxd7 Qxd7 11.Nc3 Rd8 12.O-O a6 13.Bxc6 Qxc6 14.Re1 e6 15.Bg5 f6
16.Qh5+ g6 17.Qh3 Kf7 18.Bxf6 Kxf6 19.Qh4+ g5 20.Ne4+ Kf7 21.Nxg5+ Kg8 22.Nxe6 Rd7
23.Rac1 Qd6 24.Qg4+ Rg7 25.Nxg7 Bxg7 26.Re6 Qd7 27.Rc7  1-0

[Event "WYb16"]
[Site "Kemer TUR"]
[Date "2007.11.18"]
[Round "1"]
[White "Piorun,K"]
[Black "Laitinen,Mi"]
[Result "1-0"]
[WhiteElo "2353"]
[BlackElo "1985"]

1.e4 c5 2.c3 Nf6 3.e5 Nd5 4.d4 cxd4 5.Nf3 e6 6.cxd4 d6 7.Nc3 Be7 8.Bd3 Nc6
9.exd6 Qxd6 10.O-O O-O 11.Re1 h6 12.a3 a6 13.Bc2 Nf6 14.Be3 Rd8 15.Qe2 b5
16.Rad1 Bb7 17.Bc1 Qc7 18.h3 Rac8 19.Bb1 Na5 20.Ne5 Bd6 21.f4 Nc4 22.Rd3 b4
23.axb4 Bxb4 24.Red1 Nd6 25.Ng4 Nde8 26.Rg3 Qc4 27.Bd3 Qb3 28.Nxh6+ Kf8 29.Ng4 Rxd4
30.Bc2 Rxd1+ 31.Qxd1 Qc4 32.Ne5 Qc5+ 33.Kh2 Bxc3 34.bxc3 Nc7 35.c4 Kg8 36.Bb2 Nce8
37.Bd4 Qc7 38.c5 Rd8 39.Qg1 Qa5 40.c6 Ba8 41.Bb6 Qd2 42.Bxd8 Qxc2  1-0

[Event "WYb14"]
[Site "Kemer TUR"]
[Date "2007.11.18"]
[Round "1"]
[White "Andreev,Sa"]
[Black "Sjugirov,S"]
[Result "0-1"]
[WhiteElo "1983"]
[BlackElo "2422"]

1.e4 c5 2.c3 Nf6 3.e5 Nd5 4.d4 cxd4 5.Nf3 e6 6.cxd4 d6 7.Bc4 Nb6 8.Bb3 dxe5
9.dxe5 Qxd1+ 10.Bxd1 Bd7 11.O-O Bc6 12.Re1 Bb4 13.Nc3 N8d7 14.a3 Bxc3 15.bxc3 Bd5
16.Nd4 a6 17.f4 Rc8 18.Re3 Nc4 19.Rg3 g6 20.Bf3 Ndb6 21.Rb1 Bxf3 22.Rxf3 Rc7
23.f5 gxf5 24.Rh3 Nd5 25.Bg5 Rg8 26.Bf6 Nce3  0-1

[Event "WYb16"]
[Site "Kemer TUR"]
[Date "2007.11.19"]
[Round "2"]
[White "Khademi,M"]
[Black "Rombaldoni,Ax"]
[Result "0-1"]
[WhiteElo "2258"]
[BlackElo "2399"]

1.e4 c5 2.c3 Nf6 3.e5 Nd5 4.d4 cxd4 5.Qxd4 e6 6.Nf3 Nc6 7.Qe4 Be7 8.Bc4 f5
9.Qe2 Nc7 10.O-O O-O 11.a4 b6 12.b4 Bb7 13.Rd1 Qe8 14.b5 Bd8 15.Ba2 Rc8 16.c4 Ba6
17.Nc3 Kh8 18.Be3 g5 19.Rac1 g4 20.Ne1 f4  0-1

[Event "WYb18"]
[Site "Kemer TUR"]
[Date "2007.11.20"]
[Round "3"]
[White "Boyarchenko,A"]
[Black "Shamsi,M"]
[Result "0-1"]
[WhiteElo "1936"]
[BlackElo "2120"]

1.e4 c5 2.c3 Nf6 3.e5 Nd5 4.d4 cxd4 5.Nf3 e6 6.cxd4 b6 7.Nc3 Nxc3 8.bxc3 Qc7
9.Bb2 Be7 10.Bd3 d6 11.O-O Nd7 12.Re1 dxe5 13.Nxe5 Nxe5 14.dxe5 O-O 15.Qe2 Bc5
16.Kh1 Bxf2 17.Rf1 Bc5 18.Be4 Bd7 19.a4 Rfd8 20.Ba3  0-1

[Event "WYg18"]
[Site "Kemer TUR"]
[Date "2007.11.20"]
[Round "3"]
[White "Davletbayeva,M"]
[Black "Gomes,Ma"]
[Result "0-1"]
[WhiteElo "2165"]
[BlackElo "2262"]

1.e4 c5 2.c3 Nf6 3.e5 Nd5 4.Nf3 Nc6 5.Bc4 Nb6 6.Bb3 c4 7.Bc2 d6 8.exd6 e5
9.d7+ Bxd7 10.O-O Bd6 11.d4 Bg4 12.h3 Bh5 13.Re1 f6 14.Nbd2 O-O 15.Nxc4 Nxc4
16.Qd3 e4 17.Qxc4+ Bf7 18.d5 exf3 19.Qh4 f5 20.Bg5 Qc7 21.dxc6 h6 22.Be3 Bh2+
23.Kh1 fxg2+ 24.Kxg2 Bd5+ 25.f3 Rf6 26.Bb3 Rg6+ 27.Kf1 Qxc6 28.Qh5 Bxb3 29.axb3 Rg3
30.Ra5 g6 31.Raa1  0-1

[Event "ch-UKR Final"]
[Site "Kharkov UKR"]
[Date "2007.11.20"]
[Round "4"]
[White "Vysochin,S"]
[Black "Truskavetsky,A"]
[Result "1-0"]
[WhiteElo "2524"]
[BlackElo "2398"]

1.e4 c5 2.c3 Nf6 3.e5 Nd5 4.Nf3 Nc6 5.Bc4 e6 6.d4 cxd4 7.cxd4 d6 8.O-O Be7
9.Qe2 O-O 10.Rd1 Na5 11.b3 Bd7 12.Bxd5 exd5 13.Nc3 Be6 14.Ba3 a6 15.h3 b5
16.Rac1 Rc8 17.Qd2 Nb7 18.Ne2 a5 19.Rxc8 Bxc8 20.Nf4 b4 21.Bb2 Be6 22.Rc1 Qd7
23.Qc2 Rb8 24.Nxe6 fxe6 25.Qc7 Qxc7 26.Rxc7 Kf8 27.Bc1 h6 28.Bf4 g5 29.Bg3 Ke8
30.h4 Kd8 31.exd6 Nxd6 32.Ra7 Rc8 33.hxg5 hxg5 34.Nxg5 Rc1+ 35.Kh2 Bxg5 36.Bxd6 Bf6
37.Bc5 Be5+ 38.Kh3 Bc7 39.g4 Rh1+ 40.Kg2 Rh2+ 41.Kf3 Rh3+ 42.Ke2 Rh4 43.Ra8+ Kd7
44.Rg8 e5 45.dxe5 Bxe5 46.Rg6 Rh3 47.Be3 Rh1 48.Ra6 d4 49.Rxa5 Ke6 50.f4 Bh8
51.f5+ Kf7 52.Bd2 Rh3 53.Rd5  1-0

[Event "WYb16"]
[Site "Kemer TUR"]
[Date "2007.11.21"]
[Round "4"]
[White "Rasulov,V"]
[Black "Recuero Guerra,D"]
[Result "0-1"]
[WhiteElo "2344"]
[BlackElo "2407"]

1.e4 c5 2.c3 Nf6 3.e5 Nd5 4.d4 cxd4 5.Nf3 e6 6.cxd4 d6 7.Nc3 Nxc3 8.bxc3 Qc7
9.Bd2 Nd7 10.exd6 Bxd6 11.Bd3 b6 12.O-O Bb7 13.Re1 h6 14.c4 O-O 15.h3 e5
16.Nh4 Nf6 17.Qc1 e4 18.Bxh6 gxh6 19.Qxh6 Bh2+ 20.Kh1 Qf4 21.Qxf4 Bxf4 22.Bf1 e3
23.d5 Rfe8 24.Re2 exf2 25.Rxf2 Bg3 26.Rxf6 Be5  0-1

[Event "WYb14"]
[Site "Kemer TUR"]
[Date "2007.11.21"]
[Round "4"]
[White "Hasanli,S"]
[Black "Swiercz,D"]
[Result "0-1"]
[WhiteElo "1966"]
[BlackElo "2274"]

1.e4 c5 2.c3 Nf6 3.e5 Nd5 4.d4 cxd4 5.Nf3 Nc6 6.cxd4 d6 7.Nc3 dxe5 8.dxe5 Nxc3
9.Qxd8+ Nxd8 10.bxc3 Nc6 11.Bb5 Bd7 12.Rb1 e6 13.Nd4 Nxd4 14.Bxd7+ Kxd7 15.cxd4 b6
16.Be3 Rc8  0-1

[Event "WYb14"]
[Site "Kemer TUR"]
[Date "2007.11.22"]
[Round "5"]
[White "Zelbel,P"]
[Black "Belous,V"]
[Result "1/2-1/2"]
[WhiteElo "2227"]
[BlackElo "2283"]

1.e4 c5 2.c3 Nf6 3.e5 Nd5 4.d4 cxd4 5.Nf3 Nc6 6.cxd4 d6 7.Bc4 dxe5 8.dxe5 Ndb4
9.Qb3 e6 10.O-O Bd7 11.Bg5 Qc7 12.Qc3 h6 13.Be3 Be7 14.a3 Nd5 15.Bxd5 exd5
16.Nbd2 O-O 17.Nb3 Bg5 18.Nfd4 Rac8 19.Nxc6 bxc6 20.Qd4 Be6 21.Rab1 f6 22.exf6 Bxf6
23.Qd2 Bf7 24.Bd4 Bd8 25.Rfe1 Bg5 26.Be3 Bf6 27.Bd4 Bg5  1/2-1/2

[Event "WYb16"]
[Site "Kemer TUR"]
[Date "2007.11.22"]
[Round "6"]
[White "Thorgeirsson,S"]
[Black "Jorczik,J"]
[Result "1-0"]
[WhiteElo "2061"]
[BlackElo "2362"]

1.e4 c5 2.c3 Nf6 3.e5 Nd5 4.d4 cxd4 5.Nf3 Nc6 6.cxd4 d6 7.Bc4 Nb6 8.Bb5 a6
9.Bxc6+ bxc6 10.O-O Bg4 11.Nbd2 e6 12.Qe2 d5 13.b3 Bb4 14.Qe3 O-O 15.a3 Be7
16.a4 Nd7 17.Ba3 Bxa3 18.Rxa3 Qb6 19.Rc1 Rfc8 20.Ra2 Rab8 21.Rac2 Bxf3 22.gxf3 a5
23.f4 Rc7 24.f5 exf5 25.e6 Nf6 26.exf7+ Kxf7 27.Nf3 Re8 28.Ne5+ Kg8 29.Rxc6 Rxc6
30.Rxc6 Qb7 31.Qc3 Ng4 32.f4 Nxe5 33.dxe5 Qb4 34.Qxb4 axb4 35.Kf2 g5 36.Ke3 d4+
37.Kf3 g4+ 38.Ke2 Rd8 39.Kd3 Kg7 40.Rc7+ Kg6 41.Rc6+ Kg7 42.Rf6 h5 43.Rxf5 Kh6
44.e6 Re8 45.Re5 h4 46.Kxd4 g3 47.hxg3 hxg3 48.Re2 Kh5 49.f5 Kg4 50.Ke5 Kf3
51.Rd2 Ke3 52.Rg2 Kf3 53.Rxg3+  1-0

[Event "20th Belgrade Trophy"]
[Site "Belgrade SRB"]
[Date "2007.11.24"]
[Round "3"]
[White "Skoric,B"]
[Black "Gostimir,H"]
[Result "1-0"]
[WhiteElo "1948"]
[BlackElo "1656"]

1.e4 c5 2.c3 Nf6 3.e5 Nd5 4.d4 cxd4 5.cxd4 Nc6 6.Nc3 Nb6 7.Nf3 d6 8.Bb5 Bd7
9.exd6 a6 10.dxe7 Bxe7 11.Be2 Be6 12.O-O Bf6 13.Be3 O-O 14.Qd2 Nd5 15.Rfd1 Qb6
16.Rac1 Rad8 17.h3 Rd7 18.Bd3 Rfd8 19.Bb1 g6 20.Ne4 Qc7 21.Nxf6+ Nxf6 22.Bg5 Nxd4
23.Rxc7 Nxf3+ 24.gxf3 Rxd2 25.Rxd2 Rxd2 26.Bxd2  1-0

[Event "KNSB TCh-NED 2007-8"]
[Site "Netherlands NED"]
[Date "2007.11.24"]
[Round "4"]
[White "Lemmers,O"]
[Black "Kleijn,C"]
[Result "1/2-1/2"]
[WhiteElo "2390"]
[BlackElo "2210"]

1.e4 c5 2.c3 Nf6 3.e5 Nd5 4.Nf3 e6 5.Bc4 d6 6.d4 cxd4 7.cxd4 Nb6 8.Bb3 dxe5
9.Nxe5 Nc6 10.Nxc6 bxc6 11.O-O Be7 12.Nc3 O-O 13.Re1 Ba6 14.Bc2 c5 15.Be3 Nc4
16.d5 exd5 17.Nxd5 Nxe3 18.Nxe7+ Qxe7 19.Rxe3 Qf6 20.Qh5 g6 21.Qe5 Qxe5 22.Rxe5 Rab8
23.Rxc5 Rxb2 24.Bb3 Rc8 25.Rcc1 Rxc1+ 26.Rxc1 Bd3 27.Rc8+ Kg7 28.h4 Bb1 29.Rc7 Bxa2
30.Rxf7+ Kg8 31.Bxa2 Rxa2 32.Rc7 a5 33.Ra7 a4 34.g4 a3 35.Kg2 Ra1 36.Kg3 a2
37.Kf4 h5 38.gxh5 gxh5 39.Kf5 Rh1 40.Rxa2 Rxh4 41.f4 Rh1 42.Kg6 Rg1+ 43.Kf6 Rb1
44.Ra7 Rb6+ 45.Kg5 Rb5+ 46.Kg6 Rb6+ 47.Kxh5 Rc6 48.f5 Rb6 49.Kg5 Rc6 50.Re7 Kf8
51.Rd7 Ra6 52.f6 Ra1 53.Rd8+  1/2-1/2

[Event "20th Belgrade Trophy"]
[Site "Belgrade SRB"]
[Date "2007.11.25"]
[Round "4"]
[White "Dizdarevic,B"]
[Black "Jovanovic,Miro2"]
[Result "0-1"]
[WhiteElo "1830"]
[BlackElo "2033"]

1.e4 c5 2.c3 Nf6 3.e5 Nd5 4.Nf3 e6 5.d4 cxd4 6.cxd4 Nc6 7.Bc4 Nb6 8.Bb3 d5
9.Nc3 Nc4 10.O-O Qa5 11.Qd3 b5 12.a4 b4 13.Nb5 Ba6 14.Bxc4 dxc4 15.Qxc4 Rc8
16.Qd3 Rb8 17.Nc7+ Qxc7 18.Qxa6 Be7 19.Be3 O-O 20.Rac1 Rfc8 21.b3 Qd7 22.Rc2 Rc7
23.Rfc1 Rbc8 24.Qd3 Bd8 25.Rc5 Be7 26.R5c2 Bd8 27.Rc5 h6 28.Qb5 Rb7 29.Qa6 Bb6
30.R5c2 Rbc7 31.Qd3 Qd5 32.Rc4 Na5 33.Rxc7 Rxc7 34.Rxc7 Bxc7 35.Bd2 Nxb3
36.Bxb4 Bb6 37.Bc3 g5 38.h3 Qc6 39.Bb4 Qxa4 40.Qc4 Qa1+ 41.Kh2 Nxd4 42.Qc8+ Kh7
43.Nd2 Ne2 44.Qc2+ Kg7 45.Nf3 Nd4 46.Qc3 Qxc3 47.Bxc3 Nxf3+ 48.gxf3 Bxf2
49.Kg2 Bb6 50.Kg3 Be3 51.h4 Kg6 52.hxg5 hxg5 53.Kg4 a6 54.Ba5  0-1

[Event "20th Belgrade Trophy"]
[Site "Belgrade SRB"]
[Date "2007.11.25"]
[Round "4"]
[White "Govedarica,R"]
[Black "Parligras,M"]
[Result "0-1"]
[WhiteElo "2388"]
[BlackElo "2553"]

1.e4 c5 2.c3 Nf6 3.e5 Nd5 4.Bc4 Nb6 5.Bb3 c4 6.Bc2 d6 7.exd6 Qxd6 8.d4 cxd3
9.Qxd3 e5 10.Nf3 Nc6 11.O-O Bg4 12.Nbd2 Qxd3 13.Bxd3 O-O-O 14.Be4 f6 15.Re1 Nd5
16.Nf1 Be6 17.g3 g6 18.Ne3 Nde7 19.Bc2 Bg7 20.Bb3 Bh3 21.Kh1 Kb8 22.Ng1 Bc8
23.Kg2 f5 24.Nc4 b5 25.Na3 Bb7 26.Kf1 a6 27.Bg5 h6 28.Bxe7 Nxe7 29.Rad1 Nd5
30.Ne2 e4 31.Nc2 Be5 32.a3 Rd6 33.Ne3 Rhd8 34.a4 Nxe3+ 35.fxe3 Rd2 36.axb5 axb5
37.Rxd2 Rxd2 38.Rb1 Kc7 39.h4 Ba6 40.Bf7 b4 41.c4 b3 42.Nd4 Bxg3 43.Nxb3 Rf2+
44.Kg1 f4 45.Nc5 Bb7 46.Bd5 f3 47.Nxe4 Rg2+ 48.Kf1 Bxh4 49.Bxb7 Kxb7 50.b4 g5
51.b5 g4 52.c5 Rh2 53.Kg1 g3 54.Rf1 f2+ 55.Nxf2 Rxf2 56.c6+ Kb6 57.Rc1 Bd8  0-1

[Event "TCh-HUN 2007-8"]
[Site "Budapest HUN"]
[Date "2007.11.25"]
[Round "3"]
[White "Borsos,B"]
[Black "Schneider,Ve"]
[Result "1/2-1/2"]
[WhiteElo "2338"]
[BlackElo "2247"]

1.e4 c5 2.c3 Nf6 3.e5 Nd5 4.d4 cxd4 5.Qxd4 e6 6.Nf3 Nc6 7.Qe4 f5 8.Qe2 Qc7
9.g3 Nde7 10.Bg2 Ng6 11.Bf4 d6 12.exd6 Nxf4 13.dxc7 Nxe2 14.Kxe2 Bd6 15.Nd4 Nxd4+
16.cxd4 Bxc7 17.Nc3 Bd7 18.Rac1 O-O-O 19.Rhd1  1/2-1/2

[Event "WYb16"]
[Site "Kemer TUR"]
[Date "2007.11.25"]
[Round "8"]
[White "Kharchenko,B"]
[Black "Martinovic,Sa"]
[Result "1-0"]
[WhiteElo "2427"]
[BlackElo "2362"]

1.e4 c5 2.c3 Nf6 3.e5 Nd5 4.d4 cxd4 5.Nf3 Nc6 6.Bc4 e6 7.cxd4 d6 8.O-O Be7
9.Qe2 O-O 10.Rd1 Na5 11.b3 Bd7 12.Bxd5 exd5 13.Nc3 Be6 14.Ba3 Nc6 15.Rac1 a6
16.h3 h6 17.Qd2 Re8 18.Re1 Rc8 19.Na4 dxe5 20.Bxe7 Qxe7 21.dxe5 Qb4 22.Qxb4 Nxb4
23.Nb6 Rcd8 24.Re2 d4 25.Rc7 d3 26.Rd2 Bf5 27.Nc4 Rd7 28.Rxd7 Bxd7 29.a3 Nc6
30.Rxd3 Bf5 31.Re3 Be6 32.Nd6 Re7 33.Nd2 Nd4 34.Rd3 Ne2+ 35.Kf1 Nf4 36.Rd4 g5
37.N2e4 Rc7 38.Nc4 Bxc4+ 39.Rxc4 Rxc4 40.bxc4 Nd3 41.Nd6 Nxe5 42.c5 Kf8 43.Nxb7 Ke7
44.Ke2 Ke6 45.c6 Nxc6 46.Nc5+ Kd5 47.Nxa6 Kc4 48.Ke3 f5 49.Nc7 Kb3 50.Nb5 Ne7
51.Kd4 f4 52.Ke4 Ng6 53.g4 fxg3 54.fxg3 Ka4 55.Nd4 Ne7 56.Nf5 Ng8 57.Ke5  1-0

[Event "WYb14"]
[Site "Kemer TUR"]
[Date "2007.11.25"]
[Round "8"]
[White "Atishay,A"]
[Black "Meskovs,N"]
[Result "1/2-1/2"]
[WhiteElo "1903"]
[BlackElo "2088"]

1.e4 c5 2.c3 Nf6 3.e5 Nd5 4.Nf3 b6 5.d4 cxd4 6.cxd4 Bb7 7.Bd3 e6 8.O-O d6
9.Nc3 Nxc3 10.bxc3 Qc7 11.Bd2 Nd7 12.exd6 Bxd6 13.h3 O-O 14.Ng5 Nf6 15.Re1 Bh2+
16.Kh1 Bf4 17.Ne4 Nxe4 18.Bxe4 Bxe4 19.Rxe4 Bxd2 20.Qxd2 Rac8 21.Rc1 Qc4
22.Rg4 Rc7 23.Rg3 g6 24.Qb2 Rd8 25.Rb1 Rd5 26.Re3 Ra5 27.a3 Qa4 28.Ra1 Rb5
29.Qc1 Rb3 30.Rf3 Qc6 31.Qg5 Qd5 32.Qg3 Rc8 33.a4 Qe4 34.a5 Rb1+ 35.Rxb1 Qxb1+
36.Kh2 bxa5 37.Qg5 Qb6 38.Qe7 Qc7+ 39.Qxc7 Rxc7 40.Rd3 a4 41.d5 exd5 42.Rxd5 Rxc3
43.Ra5 a3 44.Rxa7 h5 45.h4 Kg7 46.Ra6 f6 47.Ra7+ Kh6 48.Ra6 f5 49.g3  1/2-1/2

[Event "ch-UKR Final"]
[Site "Kharkov UKR"]
[Date "2007.11.25"]
[Round "9"]
[White "Vysochin,S"]
[Black "Brodsky,M"]
[Result "1-0"]
[WhiteElo "2524"]
[BlackElo "2597"]

1.e4 c5 2.c3 Nf6 3.e5 Nd5 4.Nf3 Nc6 5.Bc4 Nb6 6.Bb3 d5 7.exd6 c4 8.Bc2 e5
9.O-O Bxd6 10.d3 cxd3 11.Qxd3 Be6 12.Rd1 Be7 13.Qe2 Qc7 14.Be4 Nd7 15.c4 O-O
16.Nc3 Nd4 17.Nxd4 exd4 18.Rxd4 Bf6 19.Nd5 Bxd5 20.Rxd5 Nb6 21.Rd1 Nxc4 22.Qf3 Rad8
23.Bf4 Qb6 24.Rac1 Rxd1+ 25.Rxd1 Nxb2 26.Rd6 Qb4 27.g3 Re8 28.Bd5 Qb5 29.Kg2 Nd3
30.Bxf7+ Kxf7 31.Rxd3 Re7 32.g4 Rd7 33.Rxd7+ Qxd7 34.Be3 Qc6 35.Qxc6 bxc6
36.Bxa7 Ke6 37.f4 Kd5 38.Kf3 c5 39.Bb8 g6 40.Be5 Bd8 41.Bc3 Kc4 42.Bg7 Kd5
43.Bc3 Kc4 44.Be1 Kd4 45.a4 c4 46.a5 Kc5 47.a6 Kc6 48.Ke4 Bf6 49.Ba5 Bh4
50.Bc3 Kb6 51.f5 gxf5+ 52.gxf5 Be7 53.Kd5 Kxa6 54.f6 Bf8 55.Kxc4  1-0

[Event "WYb16"]
[Site "Kemer TUR"]
[Date "2007.11.27"]
[Round "10"]
[White "Barbosa,E"]
[Black "Otegen,S"]
[Result "1-0"]
[WhiteElo "2135"]
[BlackElo "2000"]

1.e4 c5 2.c3 Nf6 3.e5 Nd5 4.d4 cxd4 5.Nf3 Nc6 6.Bc4 Nb6 7.Bb3 d5 8.exd6 e6
9.cxd4 Bxd6 10.O-O O-O 11.Nc3 Nb4 12.Re1 N4d5 13.Ne5 Bd7 14.Qf3 Bxe5 15.dxe5 Nxc3
16.Qxc3 Ba4 17.Qg3 Kh8 18.Bg5 Qe8 19.Re4 Bxb3 20.axb3 Qc6 21.Rh4 Rac8 22.Qd3 Qc2
23.Rxh7+ Kg8 24.Rh3 Qxd3 25.Rxd3 a6 26.Rc3 Nd5 27.Rc4 b5 28.Rcc1 Rxc1+ 29.Rxc1 Ra8
30.h4 Kf8 31.h5 Ke8 32.g4 Kd7 33.Kg2 a5 34.Rc5 b4 35.Bd2 a4 36.bxa4 Rxa4
37.Kg3 Ra2 38.Bc1 Ra1 39.f4 b3 40.f5 Rb1 41.f6 gxf6 42.h6 Ra1 43.exf6 Nxf6
44.Kf3 Ra8 45.Rb5 Rc8 46.Rb7+ Rc7 47.Rxc7+ Kxc7 48.g5 Nh7 49.Ke4 Kd6 50.Bf4+ Kc5
51.Ke5 Kc4 52.g6 fxg6 53.Kxe6 g5 54.Be5 g4 55.Kf7 Kd5 56.Bg3 Ng5+ 57.Kg6 Ne6
58.Kf6 Nf8 59.Kf7 Nh7 60.Bh4 g3 61.Bxg3 Ng5+ 62.Kg6 Ne6 63.Kf6 Nf8 64.Kf7 Nh7
65.Bh4  1-0